000 00469nam a2200157Ia 4500
003 GCL
008 140319s9999 xx 000 0 ara d
040 _aGCL /
_cGCL
082 0 4 _aط
_b507
_bر ا
100 1 _aرفعت النجدى
245 1 0 _aاسئلة علمية واجابتها /
_cرفعت النجدى
490 _aالموسوعة العلمية المصورة للناشئين
_v0
650 0 4 _aالاطفال
650 0 4 _aالعلوم
942 _2ddc
_cBK
999 _c44644
_d44644